000 00572nam a2200181Ia 4500
005 20250508160031.0
008 008 250505s9999 xx 000 0 eng d
037 _aBooks to be hide in OPAC
040 _aFEDL
_beng
_cFEDL
041 _aeng
_2eng
084 _a379.542 3, NOR/O
_qFEDL
245 0 _aReport on public instruction of the North-West Frontier Province for the year 1934-35
245 0 _cGovernment of the North-West Frontier Province
260 _c1935
300 _a98p.
942 _cHB
_h379.542 3, NOR/O
999 _c1361247
_d1361247